| 000 | 00542nam a22001937a 4500 | ||
|---|---|---|---|
| 003 | LK-CoMWRAF | ||
| 005 | 20230920213740.0 | ||
| 008 | 230920b2006 |||||||| |||| 00| 0 eng d | ||
| 020 | _a9789556250282 | ||
| 040 |
_aLK-CoMWRAF _dLK-CoMWRAF _eLK-CoMWRAF |
||
| 041 | _aeng | ||
| 082 |
_a340.59 _bBOA |
||
| 245 | _aThe Board of quazis' law reports - with a digest (2001-2002) | ||
| 260 |
_aColombo : _bMuslim Women’s Research and action forum, _c2006 |
||
| 300 | _a140p. ; 22cm | ||
| 490 | _aVolume 1 | ||
| 650 | _aIslamic law | ||
| 942 | _cBK | ||
| 999 |
_c3577 _d3577 |
||